| 000 | 00871cam a2200229 a 4500 | ||
|---|---|---|---|
| 001 | 000014218 | ||
| 005 | 20240411202003.0 | ||
| 008 | 860714s1985 ag b 000 0 spa | ||
| 020 | _a9501402622 | ||
| 040 |
_aDO-SdBNP _bspa _cLC _dBNPHU |
||
| 082 |
_a341.481 _bD295u |
||
| 245 | 0 | 0 |
_aDeclaración universal de derechos humanos / _cprecedida de un estudio sobre sus antecedentes, sus principios y su inserción en el mundo contemporaneo Cristóbal R. Garro. |
| 260 |
_aBuenos Aires : _bDepalma, _c1985. |
||
| 300 |
_aviii, 78 p. ; _c17 cm. |
||
| 490 | 1 |
_aDepalma : _pAbriendo Surcos |
|
| 610 | 2 | 0 |
_aNACIONES UNIDAS _bGeneral Assembly. _tUniversal Declaration of Human Rights. _932122 |
| 650 | 0 |
_aDerechos humanos _9658 |
|
| 700 | 1 |
_aGarro, Cristóbal R. _932123 |
|
| 830 | 0 |
_aDepalma : _pAbriendo Surcos _932124 |
|
| 910 | _aCatalogación por copia / LC | ||
| 049 | _aBNGR | ||
| 999 |
_c13817 _d13817 |
||